000 003160000a22000970004500
100 1 _aStarling, Allan
245 1 0 _aFinding hidden peoples in the library (or seraching near and far for the afar)
300 _aVol. 2, Núm 2 (1985), Páginas 141-150
773 0 _tInternational Journal of Frontier Misions
942 _cANA
999 _c55104
_d55104